Ký ức miền quê = Memories of my native land : Ảnh nghệ thuật và bút ký = Art photos and notes
Nội dung ghi lai những hình ảnh đáng nhớ của những miền quê thân yêu, như Hà Nội, Huế, Sài Gòn, Cần Thơ, Đà Nẵng...
Guardat en:
| Autor principal: | |
|---|---|
| Format: | Llibre |
| Idioma: | Undetermined |
| Publicat: |
Hà Nội
Báo Sài Gòn giải phóng
2007
|
| Matèries: | |
| Etiquetes: |
Afegir etiqueta
Sense etiquetes, Sigues el primer a etiquetar aquest registre!
|
| Thư viện lưu trữ: | Trung tâm Học liệu Trường Đại học Cần Thơ |
|---|
| LEADER | 00887nam a2200241Ia 4500 | ||
|---|---|---|---|
| 001 | CTU_128575 | ||
| 008 | 210402s9999 xx 000 0 und d | ||
| 020 | |c 135000 | ||
| 082 | |a 915.97 | ||
| 082 | |b Th103 | ||
| 100 | |a Phan, Tam Thái | ||
| 245 | 0 | |a Ký ức miền quê = | |
| 245 | 0 | |b Memories of my native land : Ảnh nghệ thuật và bút ký = Art photos and notes | |
| 245 | 0 | |c Phan Tam Thái | |
| 260 | |a Hà Nội | ||
| 260 | |b Báo Sài Gòn giải phóng | ||
| 260 | |c 2007 | ||
| 520 | |a Nội dung ghi lai những hình ảnh đáng nhớ của những miền quê thân yêu, như Hà Nội, Huế, Sài Gòn, Cần Thơ, Đà Nẵng... | ||
| 650 | |a Vietnam,Memories | ||
| 650 | |x Description and travel | ||
| 650 | |z Hanoi | ||
| 904 | |i Tuyến | ||
| 980 | |a Trung tâm Học liệu Trường Đại học Cần Thơ | ||